[Event "Bundesliga 9899"]
[Site "Germany"]
[Date "1999.01.09"]
[Round "7.5"]
[White "Bosch, Jeroen"]
[Black "Hoffmann, Michael"]
[Result "1-0"]
[WhiteElo "2470"]
[BlackElo "2400"]
[Annotator "Sievers,S"]
[PlyCount "71"]
[EventDate "1998.10.17"]
[EventType "team-tourn"]
[EventRounds "15"]
[EventCountry "GER"]
[SourceTitle "GER-chT"]
[Source "ChessBase"]
[SourceDate "1999.07.01"]
[SourceVersion "1"]
[SourceVersionDate "1999.07.01"]
[SourceQuality "1"]
[WhiteTeam "Bochum"]
[BlackTeam "Castrop Rauxel"]
[WhiteTeamCountry "GER"]
[BlackTeamCountry "GER"]

1. e4 c5 2. Nf3 d6 3. d4 Nf6 4. Nc3 cxd4 5. Nxd4 g6 6. Be3 Bg7 7. f3 Nc6 8. Qd2
O-O 9. Bc4 {Weiß wählt die schärfste Variante im Rauserangriff. Populärer ist
momentan die sofortige lange Rochade, doch in jenen Abspielen ist dem
schwarzen König nicht so schnell beizukommen. In dieser Partie zeigt Weiß, wie
man die schwarze Festung im Sturm nehmen kann.} Bd7 10. h4 h5 11. O-O-O Ne5 12.
Bb3 Rc8 13. Bh6 {Wiederum wählt Weiß eine Nebenvariante. Viel häufiger
gespielt wird das wohl bessere 13.Lg5, doch nach 13...Tc5 ist erst die
Grundstellung der Soltisvariante erreicht und beide Spieler haben noch viel
Gelegenheit zu zeigen, daß sie die uferlose Theorie der Drachenvariante gut
gelernt haben.  Die Variante 13.Lh6 trachtet nach sofortiger Beseitigung des
schwarzfeldrigen Läufers. Gleichzeitig nimmt weiß aber auch in Kauf, daß
Schwarz mit dem typischen sizilianischen Qualitätsopfer Gegenspiel bekommt.}
Bxh6 (13... Nc4 {Dieser Zug stellt die wichtigste Alternative zum Schlagen auf
h6 dar und gilt bei vielen Drachenspielern als sie sicherere Alternative. nach
der Theorie jedenfalls hat Weiß in dieser Variante keinen Vorteil, was auch
erklärt, warum die ambitionierteren Spieler 13.Lg5 bevorzugen.} 14. Bxc4 Rxc4
15. Bxg7 Kxg7 16. g4 hxg4 17. h5 Rh8 18. hxg6 fxg6 19. f4 e5 $1 20. fxe5 dxe5
21. Nde2 (21. Ne6+ Bxe6 22. Qxd8 Rxd8 23. Rxd8 Nxe4 {bringt eher Weiß Probleme}
) 21... Rh3 $1 22. Rhf1 Rf3 23. Rh1 Rh3 {bringt dem Weißen ebenfalls keinen
Vorteil}) (13... a5 {So hat Alterman, ein Experte der Drachenvariante, einige
Male gespielt.} 14. Bxg7 Kxg7 15. a4 (15. g4 a4 16. Bxa4 Rxc3 17. Bxd7 Rxf3 18.
Nxf3 Nxf3 19. Qc3 Ne5 20. Bb5 hxg4 {und Schwarz steht gut.}) 15... Rc5 16. Ndb5
Qb6 17. f4 Neg4 18. Rhe1 Rfc8 {und Schwarz hat ausreichendes Gegenspiel.}) 14.
Qxh6 Rxc3 15. bxc3 Qa5 16. Kb1 Rc8 17. g4 Qxc3 (17... hxg4 $4 {zeigt wie
schell der weiße Angriff ins Rollen kommt:} 18. h5 Nxh5 19. Rxh5 gxh5 20. Rh1
$1 $18 (20. Qxh5 $2 Nc4 21. Nf5 Bxf5 22. Rh1 Qxc3 $19)) 18. gxh5 Nxh5 $2 {
Da ist es auch schon passiert. Schwarz macht einen natürlichen Zug, doch
natürliche Züge sind in der Drachenvariante nicht immer die richtigen. Gerade
in diesen scharfen Abspielen ist genaue Variantenkenntnis unersetzlich. Der
Textzug verliert wahrscheinlich forciert, wogegen die Hauptvariante unklar ist.
} (18... Nc4 $1 19. Bxc4 Rxc4 20. Rd3 Qb4+ (20... Qa5 $5 {stellt eine Falle!}
21. hxg6 Rxd4 22. gxf7+ (22. Rb3 $5 {ist ein Vorschlag von Fritz 5.32, der
nicht uninteressant zu sein scheint.}) 22... Kxf7 23. h5 Rxd3 24. Qg6+ Kf8 25.
h6 Qb4+ 26. Kc1 {0-1 Wittke-Feick,S Berlin 1987}) 21. Nb3 Nxh5 $13 {ergibt
typische eine Stellung, in der Schwarz wie so häufig einen Bauern für die
geopferte Qualität besitzt. Unklar ist nur, wie hoch die weißen
Angriffschanchen am Königsflügel einzuschätzen sind.}) 19. Rhg1 $1 {macht den
Sack allem anschein nach schon zu. Der Springer h5 darf nicht ziehen, weil
Weiß dann seinen h-Bauern mit unweiderstehlichem angriff in Bewegung setzt und
auch der natürlich aussehende zug 19...Sc4 verliert wie in der Partie zu sehen
ist.} Nc4 (19... Nf6 20. h5 (20. Rxg6+ Nxg6 21. Qxg6+ Kh8 22. Qxf7 {ist auch
sehr gut für Weiß}) 20... Nc4 21. Bxc4 Rxc4 22. hxg6 $18) (19... Ng7 20. h5 Nc4
21. Bxc4 Qxc4 22. hxg6 $18) 20. Bxc4 Rxc4 21. Qxh5 Rxd4 {[#]  Auf den ersten
Blick scheint Schwarz noch alles im Griff zu haben, doch der Schein trügt.} 22.
Rxg6+ $3 fxg6 23. Qxg6+ Kf8 (23... Kh8 $2 24. Qh5+ Kg7 25. Rg1+ Kf8 26. Qh8+
Kf7 27. Qg7+ Ke6 28. Rg6#) 24. Qh6+ Kf7 25. Qh7+ Kf8 26. Qh8+ Kf7 27. Qxd4 {
Nun hat Schwarz keine Kompensationm mehr für das geopferte Material, da sein
König zudem noch unsicher steht. Weiß hat sehr schön gespielt, doch dies war
alles schon den Experten bekannt und ist in vielen Theoriebüchen zu finden. Es
zeigt sich wieder einmal, das ohne Theoriekenntnis die Partie schon vorbei
sein kann, bevor der Gegner einen einzigen Zug gemacht hat.} Qxf3 28. Qc4+ Be6
(28... Kg7 29. Rg1+ {führt zu unlösbaren Problemen für den schwarzen König,
weshalb sich Schwarz auf den Damentausch einlassen mußte. Nach dem Damentausch
entscheidet der weiße h-Freibauer die Partie jedoch leicht.}) 29. Qf1 Qxf1 30.
Rxf1+ Kg6 31. Kb2 Kh5 32. Rf8 Kxh4 33. Re8 {Nachdem Schwarz den h-Bauern
beseitigt hat, muß er jedoch erkennen, daß sein Damenflügel verloren ist.} Bd7
34. Rxe7 Bc6 35. Kc3 Kg5 36. Re6 1-0

[Event "Linares Anibal op 05th"]
[Site "Linares"]
[Date "1998.01.26"]
[Round "7"]
[White "Tiviakov, Sergei"]
[Black "Komljenovic, Davorin"]
[Result "1-0"]
[WhiteElo "2640"]
[BlackElo "2425"]
[Annotator "Tiviakov,S"]
[PlyCount "77"]
[EventDate "1998.01.20"]
[EventType "swiss"]
[EventRounds "10"]
[EventCountry "ESP"]
[SourceTitle "CBM 062 Extra"]
[Source "ChessBase"]
[SourceDate "1998.03.09"]
[SourceVersion "1"]
[SourceVersionDate "1998.03.09"]
[SourceQuality "1"]

1. e4 c5 2. Nf3 d6 3. d4 cxd4 4. Nxd4 Nf6 5. Nc3 g6 6. Be3 Bg7 7. f3 Nc6 8. Qd2
O-O 9. Bc4 Bd7 10. O-O-O Rc8 11. Bb3 Ne5 12. Kb1 Nc4 13. Bxc4 Rxc4 14. g4 b5
15. b3 Rc5 $2 (15... Rc8 $8 16. Ndxb5 Qa5 17. a4 a6 18. Nd5 Qxd2 19. Nxe7+ Kh8
20. Rxd2 Rce8 21. Nxg6+ fxg6 22. Nxd6 Re6 23. Nb7 Bc8 24. Nc5 Rc6 25. h3 g5 26.
Rhd1 Ng8 27. Rf2 Rh6 28. Rh1 Rhf6 29. Rhf1 Rh6 30. Rh1 Rhf6 31. Rhf1 {1/2-1/2
Topalov,Veselin-Tiviakov,Sergei/Polanica Zdroj (Poland) (7) 1995}) 16. Ne6 $1
$18 fxe6 (16... Bxe6 17. Bxc5 $18) 17. Bxc5 Ne8 $146 (17... dxc5 18. e5 Nd5 19.
Nxd5 Bxe5 20. Nxe7+ $1 (20. Ne3 Bd6 21. Rhf1 $18 {1-0 Vaclavik,D-Vild,V/
CZE-chJM U16 1995/EXT 97 (61)}) 20... Qxe7 21. Qxd7 $18) 18. Bd4 e5 19. Bxa7
$18 Rxf3 20. Rhf1 Bxg4 21. Rxf3 Bxf3 22. Rf1 Bg4 23. Qd5+ Kh8 24. Qxb5 Nf6 25.
a4 h5 26. Qb8 Bc8 27. Bb6 Qd7 28. a5 Kh7 29. Kb2 Bh6 30. Qc7 Qxc7 31. Bxc7 Ba6
32. Rf3 g5 33. Bxd6 g4 34. Rf5 Kg6 35. Bxe7 Nxe4 36. Rxe5 Nxc3 37. Re6+ Kh7 38.
Kxc3 Bg7+ 39. Bf6 1-0

[Event "Arab-chT Clubs"]
[Site "Taiz"]
[Date "2004.05.16"]
[Round "3"]
[White "Tiviakov, Sergei"]
[Black "Hakki, Imad"]
[Result "1/2-1/2"]
[WhiteElo "2593"]
[BlackElo "2451"]
[Annotator "Tiviakov,S"]
[PlyCount "39"]
[EventDate "2004.05.15"]
[EventType "team"]
[EventRounds "9"]
[EventCountry "YEM"]
[SourceTitle "CBM 101"]
[Source "ChessBase"]
[SourceDate "2004.07.27"]
[SourceVersion "1"]
[SourceVersionDate "2004.07.27"]
[SourceQuality "1"]

1. e4 c5 2. Nf3 d6 3. d4 cxd4 4. Nxd4 Nf6 5. Nc3 g6 6. Be3 Bg7 7. f3 O-O 8. Qd2
Nc6 9. Bc4 Bd7 10. O-O-O Rc8 11. Bb3 Ne5 12. Kb1 Re8 13. Bh6 $6 Bxh6 14. Qxh6
Rxc3 $1 15. bxc3 a5 $1 $146 (15... Qc7 16. h4 Qxc3 17. Ne2 $1 (17. h5 Nc4 18.
Qc1 Rc8 19. hxg6 fxg6 20. Ne2 Qb4 21. Nf4 a5 22. Nd3 Qb6 23. e5 dxe5 24. Nxe5
Be6 25. Nxc4 Bxc4 26. Qb2 Qc5 27. Bxc4+ Qxc4 28. Qb3 a4 29. Qxc4+ Rxc4 30. Rhe1
Kf7 31. a3 Rc5 32. Rd4 b5 33. Kb2 Nd5 34. Re5 e6 35. g4 Kf6 36. Rde4 Rc6 37.
g5+ Kf7 38. Rh4 Kg7 39. Re1 Kg8 40. Rhe4 Kf7 41. Rc1 Rc3 42. Rh1 Rxf3 43. Rxh7+
Kg8 44. Rb7 b4 45. Rxe6 bxa3+ 46. Ka2 Nc3+ 47. Kxa3 Ne4+ 48. Kb4 Nxg5 49. Rxg6+
Kf8 50. Rxg5 {1-0 Karjakin,S-Zeliakov,N/Dubai UAE 2002/Inf 84/(184)}) 17... Qb4
18. h5 Bb5 (18... a5 19. hxg6 Nxg6 (19... a4 20. c3 $1 Qb6 21. Nf4 $1 Nxg6 (
21... axb3 22. Nh5 $18 {84/(184)}) 22. Nxg6 axb3 23. Nxe7+ Rxe7 24. Qg5+ Kf8
25. Qxf6 bxa2+ 26. Ka1 $18 {84/(184)}) 20. g4 a4 21. g5 axb3 22. axb3 Ra8 23.
gxf6 exf6 24. Qxh7+ Kf8 25. Qh6+ Ke7 26. Qd2 Qa3 27. Qc3 $18 {84/(184)}) 19.
Nf4 Bc4 20. hxg6 fxg6 21. Rd4 Qc3 (21... Qb6 22. Rxc4 Nxc4 23. Ne6 Kf7 24. Ng5+
Kg8 25. Nxh7 $18 {84/(184)}) 22. Ne2 Qb4 23. f4 $18 {84/(184)}) 16. a4 $6 (16.
a3 a4 17. Ba2 Qb6+ 18. Ka1 Rc8 $11 (18... Qc5 $11)) 16... Qc7 (16... Qb6 $5 17.
h4 (17. Ka2 Qc5 $15 {/\b5, /\Nc4}) 17... Bxa4 18. h5 Bxb3 19. cxb3 Nc6 $15 {->}
) 17. h4 (17. Rhe1 $5 b5 18. axb5 a4 19. Ba2 Rb8 $15) 17... b5 $1 (17... Qxc3
18. Ne2 $14 {/\h5}) 18. axb5 (18. Nxb5 Bxb5 19. axb5 a4 20. Ba2 Rb8 21. Qd2
Rxb5+ {- 18.ab}) 18... a4 19. Ba2 (19. Bd5 Nxd5 20. exd5 Bxb5 $15 (20... Qxc3
$13) (20... Rb8 $15)) (19. Bxa4 $2 Ra8 20. Bb3 $140 Qxc3 $19) 19... Rb8 20. Qd2
(20. Qd2 Bxb5 21. Nxb5 (21. Ka1 Bc4 22. Rb1 Rc8 $15) 21... Rxb5+ 22. Ka1 Rc5
$15 {><c3, עa1}) (20. h5 $2 Bxb5 21. hxg6 Qxc3 $1 $19) 1/2-1/2

[Event "NED-chT 9900"]
[Site "Netherlands"]
[Date "2000.02.27"]
[Round "4"]
[White "Bertholee, Rob"]
[Black "Tiviakov, Sergei"]
[Result "0-1"]
[WhiteElo "2343"]
[BlackElo "2567"]
[Annotator "Tiviakov,S"]
[PlyCount "58"]
[EventDate "2000.02.05"]
[EventType "team-tourn"]
[EventRounds "9"]
[EventCountry "NED"]
[SourceTitle "CBM 074 Extra"]
[Source "ChessBase"]
[SourceDate "2000.03.10"]
[SourceVersion "2"]
[SourceVersionDate "2000.03.10"]
[SourceQuality "1"]
[WhiteTeam "Amstelveen"]
[BlackTeam "Groningen"]
[WhiteTeamCountry "NED"]
[BlackTeamCountry "NED"]

1. e4 c5 2. Nf3 d6 3. d4 cxd4 4. Nxd4 Nf6 5. Nc3 g6 6. Be3 Bg7 7. f3 Nc6 8. Qd2
O-O 9. Bc4 Bd7 10. O-O-O Rc8 11. Bb3 Nxd4 12. Bxd4 b5 13. e5 dxe5 14. Bxe5 Bc6
15. Qe3 Qa5 16. Bd4 Rfe8 17. Bxf6 exf6 18. Qf4 f5 19. Nd5 Re2 20. g4 {[%mdl
704]} Bxd5 $1 21. Rxd5 Rexc2+ $1 $19 22. Bxc2 Qxa2 23. Rxb5 (23. Rhd1 Bxb2+ 24.
Kd2 Qxd5+ $19) 23... Qa1+ 24. Kd2 Qxh1 25. Qg3 (25. Rb8 Qg2+ $19 {/\Qc2}) 25...
Rd8+ 26. Ke2 Qc1 27. Bd3 Re8+ 28. Kf2 f4 29. Qg2 Qe1# 0-1

[Event "Santos Paulista-ch"]
[Site "Santos"]
[Date "1997.??.??"]
[Round "5"]
[White "Matsuura, Everaldo"]
[Black "Vescovi, Giovanni P"]
[Result "0-1"]
[WhiteElo "2390"]
[BlackElo "2480"]
[Annotator "Vescovi,G"]
[PlyCount "64"]
[EventDate "1997.??.??"]
[EventType "swiss"]
[EventRounds "7"]
[EventCountry "BRA"]
[SourceTitle "EXT 2001"]
[Source "ChessBase"]
[SourceDate "2000.11.22"]
[SourceVersion "1"]
[SourceVersionDate "2000.11.22"]
[SourceQuality "1"]

{72/226} 1. e4 c5 2. Nf3 d6 3. d4 cxd4 4. Nxd4 Nf6 5. Nc3 g6 6. Be3 Bg7 7. f3
Nc6 8. Qd2 O-O 9. Bc4 Bd7 10. O-O-O Ne5 11. Bb3 Rc8 12. h4 h5 (12... Nc4 {
- 72/(226)}) 13. Bg5 Rc5 14. Kb1 (14. g4 {- 72/(226)}) 14... b5 15. g4 hxg4 16.
h5 Nxh5 17. Nd5 Re8 18. Rxh5 gxh5 19. Qh2 Rxd5 20. Bxd5 Qb6 21. Nf5 Bxf5 22.
exf5 gxf3 23. Qxh5 Rc8 (23... Qf2 24. Bf4 {- 51/(212)} (24. Bxe7 $6 Rxe7 25.
Qg5 Re8 26. f6 (26. Rg1 Ng4 $19) 26... Qg2 $15) (24. Rh1 Qg3 25. Qh7+ Kf8 26.
Bh6 Bxh6 27. Qxh6+ Qg7 28. Qh8+ Qg8 29. f6 $5 (29. Qh6+ $11) 29... Rc8 $1 30.
fxe7+ Kxe7 31. Qh4+ Kd7 32. Bxf3 $13)) 24. Bh6 $6 $146 (24. Bxe7 $4 Qc7 $19) (
24. Bf4 $2 Qf2 (24... Qc5 25. c4) 25. c3 Rc5 $1 26. Bxe5 $140 Rxd5 $17) (24.
Rh1 $1 Qc5 $8 (24... Qf2 $2 25. c3 (25. Qh7+ Kf8 26. Bh6 Qxc2+ 27. Ka1 Ke8 28.
Qxg7 Qxf5 $15) 25... Kf8 (25... Qg3 26. Bxe7 $18) 26. Bf4 $18) 25. c4 $1 (25.
Qh7+ $2 Kf8 26. Bh6 Ke8 $17) (25. Bb3 Kf8 26. Qh7 Bf6 27. Qh6+ Ke8 (27... Bg7
$11) 28. Bxf6 exf6 29. Qxf6 f2 30. a3 $13) 25... Kf8 26. Bf4 (26. Bh6 $2 Bxh6
27. Qxh6+ Ke8 28. Be6 fxe6 29. Qxe6 Nf7 30. f6 Rc7 $19) 26... Ke8 (26... bxc4
$2 27. Bxe5 Qxd5 28. Qh8+ $3 Bxh8 29. Rxh8#) 27. Bxe5 Bxe5 28. Qxf7+ (28. Be6
$2 Kd8 $1 29. Qxf7 (29. Qh8+ Bxh8 30. Rxh8+ Kc7 31. Rxc8+ Kb6 $17) (29. Bxc8
Qd4 $17) 29... Rb8 $1 30. Qf8+ Kc7 31. Qxe7+ Kb6 $17) 28... Kd8 29. Qf8+ Kc7
30. Qxe7+ Kb6 31. Qb7+ Ka5 $11) 24... Qf2 $1 25. c3 Qg3 26. Bxg7 (26. Rh1 Rc5
$1 (26... Bxh6 27. Qxh6 Qg7 28. Qh3 $1 (28. Qh2 Rc5) 28... Rc5 29. Bxf3 b4 $140
$6 30. cxb4 Nd3 $2 31. f6 Qxf6 32. Qh7+ Kf8 33. Qxd3 $18) 27. Bxg7 Qxg7 28.
Bxf3 b4 29. cxb4 Nd3 30. Qh2 (30. Qh8+ $5 Qxh8 31. Rxh8+ Kxh8 32. bxc5 dxc5 $17
) 30... Rxf5 $17 31. Be4 $140 Rh5 $19) 26... Kxg7 27. Rh1 Kf8 28. Qh8+ Qg8 29.
Qh2 $2 (29. Qh3 $15) 29... Rc5 $1 30. Bb3 Ng4 (30... Ke8 $6 31. Rg1 Ng4 32. Qf4
f2 33. Qxf2 $1 Nxf2 34. Rxg8+ $15) 31. Qf4 f2 $19 32. Qf3 (32. Bd1 Re5 33. Bxg4
Re1+ 34. Kc2 Rxh1) 32... Re5 0-1

[Event "Interzonal-16"]
[Site "Biel"]
[Date "1993.??.??"]
[Round "8"]
[White "Wolff, Patrick G"]
[Black "Georgiev, Kiril"]
[Result "1/2-1/2"]
[WhiteElo "2585"]
[BlackElo "2660"]
[Annotator "Wolff,P"]
[PlyCount "94"]
[EventDate "1993.07.16"]
[EventType "swiss"]
[EventRounds "13"]
[EventCountry "SUI"]
[SourceTitle "CBM 037"]
[Source "ChessBase"]
[SourceDate "1993.12.01"]
[SourceVersion "1"]
[SourceVersionDate "1993.12.01"]
[SourceQuality "1"]

1. e4 c5 2. Nf3 d6 3. d4 Nf6 4. Nc3 cxd4 5. Nxd4 g6 6. Be3 Bg7 7. f3 Nc6 8. Qd2
O-O 9. Bc4 (9. g4 Nxd4 10. Bxd4 Be6 11. Nd5 Bxd5 12. exd5 Qc7 13. h4 Rac8 14.
Rh2 e5 $1 15. dxe6 fxe6 16. O-O-O Nd5 17. Bxg7 Qxg7 $15 {Oll,L-Georgiev,K Biel
izt (8)}) 9... Bd7 10. O-O-O Ne5 11. Bb3 Rc8 12. h4 h5 (12... Nc4 13. Bxc4 Rxc4
14. h5 Nxh5 15. g4 Nf6 16. Rh4 $2 e5 $1 17. Nb3 Rxc3 18. bxc3 Nxe4 19. Qh2 Ng5
20. Rf1 Bc6 21. Nd2 f5 $1 $17 {Farago,S-Szalanczy,E Budapest Exp (9) 1993}) 13.
Kb1 $5 Nc4 14. Bxc4 Rxc4 15. Nde2 b5 16. Bh6 (16. Bd4 $2 e5 $1 (16... b4 $140
17. Nd5 Nxd5 18. Bxg7 Kxg7 19. exd5) 17. Be3 b4 18. Nd5 Nxd5 19. Qxd5 Rc6 $15 {
Anand,V-Tiviakov,S Tilburg 3.08 1992}) 16... b4 17. Bxg7 Kxg7 18. Nd5 Nxd5 19.
exd5 Qa5 20. b3 Rc5 (20... Rc7 21. g4 Rh8 22. Ng3 Rhc8 23. Rh2 $1 $16 {Wolff,
P-Kudrin,S Eastern Open 1991}) 21. g4 Rfc8 22. Qd4+ Kg8 23. Rd2 $16 hxg4 (23...
Qa3 24. gxh5 Bf5 (24... Ra5 25. Nc1) 25. Rc1 Ra5 26. Qa1 $16) 24. fxg4 e5 25.
dxe6 Bxe6 26. Nf4 (26. h5 Rd5 27. Qf6 Qd8) 26... Re5 27. Nd3 $4 (27. Qxd6 $16
Bxg4 $140 28. Nxg6) 27... Qd5 $1 $8 28. Qxd5 Rxd5 29. g5 a5 $10 30. Rhh2 Kf8
31. Kb2 Ke7 32. a3 bxa3+ 33. Kxa3 Rh8 34. Rdf2 Bf5 35. Nf4 Rd4 $138 36. c3 Rd1
37. c4 Kd7 38. Nd5 Be6 39. Nf4 Bf5 40. Nd5 Be6 41. Nf4 Rd4 42. Nxe6 fxe6 43.
Rf7+ Kc6 44. Rf6 e5 45. Rxg6 Rhxh4 46. Rxh4 Rxh4 47. Rg8 Rg4 1/2-1/2

[Event "London Classic 9th"]
[Site "London"]
[Date "2017.12.03"]
[Round "2"]
[White "Vachier Lagrave, Maxime"]
[Black "Nakamura, Hikaru"]
[Result "1/2-1/2"]
[WhiteElo "2789"]
[BlackElo "2781"]
[Annotator "Yermolinsky,A"]
[PlyCount "93"]
[EventDate "2017.12.01"]
[EventType "tourn"]
[EventRounds "9"]
[EventCountry "ENG"]
[EventCategory "22"]
[SourceTitle "CBM 182"]
[Source "ChessBase"]
[SourceDate "2018.01.17"]
[SourceVersion "1"]
[SourceVersionDate "2018.01.17"]
[SourceQuality "1"]

1. e4 c5 2. Nf3 d6 3. d4 cxd4 4. Nxd4 Nf6 5. Nc3 g6 6. Be3 Bg7 7. f3 O-O 8. Qd2
Nc6 9. Bc4 Bd7 10. h4 h5 11. Bb3 Rc8 12. O-O-O Ne5 13. Bg5 Rc5 14. Kb1 Re8 {
This move, introduced in the 1990's and upheld by GM Tiviakov some ten years
later, caught the attention of Magnus Carlsen, who used it first against
Radjabov in 2008 and later against Karjakin in 2014. The point is to
overprotect the sensitive e7-pawn in anticipation of White's attack with g2-g4.
} (14... b5 15. g4 hxg4 16. h5 Nxh5 17. Nd5 Re8 18. Rxh5 gxh5 19. Qh2 {has
been known as very good for White since Chandler-Mestel and Karpov-Sznapik,
both from 1986.}) 15. g4 {Nevertheless, MVL goes for it.} ({Karjakin's choice
in the above mentioned game (World Rapid, Dubai, 2014) was} 15. Bh6 {but
Carlsen showed great powers of anticipation by setting up his own shots:} a5
16. a4 Qb6 $1 17. g4 Rxc3 $1 18. bxc3 Nxf3 {and the subsequent tactical play
resolved in a draw.}) 15... hxg4 16. f4 ({Radjabov-Carlsen, FIDE Grand prix,
Baku 2008 demonstrated why} 16. h5 Nxh5 17. Rxh5 gxh5 18. Qh2 {doesn't quite
work. Magnus calmly defended by returning the exchange:} Ng6 19. Qxh5 Qa5 20.
f4 Rxg5 21. fxg5 e6 {and Black already stood better. Teimour's wild attempt at
the black king,} 22. Nf5 exf5 23. Qxg6 {was turned back by} Be6 {and Magnus
went on to win.}) 16... Nc4 {Another important juncture.} (16... Nc6 {meets
with a typical tactic,} 17. Bxf6 Bxf6 (17... exf6 18. Ndb5 $16) 18. e5 $1 {
and Black must part with major material,} dxe5 (18... Bg7 19. Ne4 {is simply
unbearable}) 19. Nxc6 Bxc6 20. Qxd8 Rxd8 21. Rxd8+ Kg7 22. Rg1 {There are some
lines in the Dragon where Black can play a rook down in the endgame, but here
he's unlikely to succeed.}) 17. Qd3 $1 {Maxime plays the best move.} ({White
doesn't get to continue with his K-side attack in peace and quiet after} 17.
Qe2 Qc8 18. f5 {as Black has his own ideas.} Nxb2 $1 19. Kxb2 (19. fxg6 Nxd1
20. gxf7+ Kh7 21. Nxd1 Rf8 {is sharp, but Black is up the exchange.}) 19...
Rxc3 20. fxg6 Rxb3+ {Exchange sacrifices abound.} 21. axb3 fxg6 22. Bxf6 exf6
23. h5 f5 $17) 17... Na5 {Somewhat unfortunate. One wonders if Nakamura was
out of book.} (17... Qc8 {is still critical.}) 18. Bxf6 $1 exf6 (18... Bxf6 19.
e5 Nxb3 (19... dxe5 20. Qxg6+) 20. Nxb3 Bf5 21. Qd4 Rxc3 22. Qxc3 Bg7 23. Nd4 {
should be favouring White, but he shouldn't underestimate the power of the
Dragon bishop.}) 19. Bd5 ({The positional treatment of} 19. f5 {deserved
serious consideration.} Nxb3 20. axb3 Qc8 21. Rdf1 gxf5 22. exf5 Ree5 23. Rf4 {
etc.}) 19... Nc6 $2 (19... f5 $1 {was a must. After} 20. exf5 Bc6 21. Bxc6 Nxc6
22. Nxc6 bxc6 23. fxg6 Bxc3 24. bxc3 Qf6 {both kinds are shaky, but Black's
active pieces should provide for ample counterplay.}) 20. Nxc6 $6 {tempting,
but not the best choice.} ({Hitting d6 with} 20. Ndb5 {would have given MVL a
near decisive advantage.} Be6 21. Bxe6 Rxe6 22. f5 Re7 23. h5 {etc.}) 20...
bxc6 21. Bxf7+ {Maxime's calculations were all about this shot. In the end he
got to keep an extra pawn, but, as often happens in sharp Sicilians, the
formerly bad black king became a major factor in the endgame.} Kxf7 22. Qxd6
Rxc3 23. Qxd7+ Qxd7 24. Rxd7+ Ke6 25. Rxg7 Rf3 26. Rxg6 Rxf4 27. Rg1 Rxe4 28.
R6xg4 Rxg4 29. Rxg4 f5 30. Ra4 Rg8 (30... Ke5 31. Rxa7 f4 32. Kc1 Kf5 {also
looks drawish despite White's two pawn edge.}) 31. b3 ({Giving up the c-pawn
after} 31. Kc1 Rg1+ 32. Kd2 Rg2+ 33. Ke3 Rxc2 34. b3 {would deprive White of
winning chances.} Rc3+ 35. Kf4 Rh3) 31... Rg4 32. Rxa7 f4 33. Kc1 f3 34. Kd2
Rxh4 {No need to bother with more complicated lines.} ({Hikaru could have gone
for} 34... Re4 35. Ra4 Re2+ 36. Kd3 Kf5 $11) 35. Ra8 Rh2+ 36. Kd3 Kf5 37. a4 (
37. Ke3 Rxc2 38. Kxf3 Ke5 39. Ke3 Rh2 40. Kd3 Kd6 {is a routine draw.}) 37...
Kg4 38. a5 Rh1 39. Rg8+ Kf4 40. Rf8+ Kg3 41. Rg8+ Kf4 42. Rf8+ Kg3 43. b4 f2
44. Kd4 f1=Q 45. Rxf1 Rxf1 46. Kc5 Rc1 47. Kxc6 1/2-1/2